Halálos lugkőmérgezés [rövid hír]
Elmentve itt :
| Dokumentumtípus: | Cikk |
|---|---|
| Megjelent: |
1934-06-17
|
| Sorozat: | Délmagyarország
10 No. 137 |
| Kulcsszavak: | Haláleset Szeged 1934 |
| Online Access: | http://dmarchiv.bibl.u-szeged.hu/39781 |
| LEADER | 00421nab a2200145 i 4500 | ||
|---|---|---|---|
| 001 | delm39781 | ||
| 005 | 20180927130040.0 | ||
| 008 | 180927s1934 hu o 0|| hun d | ||
| 040 | |a SZTE Délmagyarország Archívum |b hun | ||
| 041 | |a hun | ||
| 245 | 0 | 0 | |a Halálos lugkőmérgezés |h [elektronikus dokumentum] : |b [rövid hír] |
| 260 | |c 1934-06-17 | ||
| 300 | |a 9 | ||
| 490 | 0 | |a Délmagyarország |v 10 No. 137 | |
| 695 | |a Haláleset Szeged 1934 | ||